[Event "Colombo Golden Jubilee op"]
[Site "Colombo"]
[Date "2022.11.24"]
[Round "3"]
[White "Weerasekara, Dishal Nimsara"]
[Black "Gunathilake, MD Vinuda Shenal"]
[Result "1-0"]
[WhiteElo "1776"]
[BlackElo "1769"]
[PlyCount "185"]
[EventDate "2022.11.23"]
[EventType "swiss"]
[EventRounds "9"]
[EventCountry "SRI"]
[SourceTitle "CBM 211 Extra"]
[Source "ChessBase"]
[SourceDate "2023.01.31"]
[SourceVersion "1"]
[SourceVersionDate "2023.01.31"]
[SourceQuality "1"]

1. c4 e6 2. d4 d5 3. Nf3 Nf6 4. g3 dxc4 5. Bg2 c5 6. Qa4+ Bd7 7. Qxc4 Qb6 8. Nc3 Nc6 9. e3 Rc8 10. 0-0 cxd4 11. exd4 Ne5 12. Qe2 Nxf3+ 13. Bxf3 Bb4 14. Rd1 0-0 15. Bd2 Bc6 16. Bg5 Bxc3 17. bxc3 Bxf3 18. Qxf3 Nd5 19. Rdc1 Rc4 20. Rab1 Qa6 21. Qd3 Rfc8 22. Bd2 b6 23. Rc2 Qa4 24. Rcc1 Qc6 25. Rb3 a5 26. h3 Qd7 27. Kh2 R8c6 28. Qb1 g6 29. Qe4 Qc7 30. Kg2 f5 31. Qe2 Kf7 32. h4 Qd6 33. Qf3 Nf6 34. Bf4 Qd5 35. Qxd5 Nxd5 36. Bd2 h5 37. Kf1 Ke7 38. Ke2 Kd7 39. Kd3 Kc7 40. f3 Kb7 41. a3 Ka6 42. Re1 b5 43. Reb1 Rb6 44. Re1 Rcc6 45. Rbb1 Nf6 46. Re5 Nd7 47. Re2 Rd6 48. Bf4 Rdc6 49. Rbe1 Nf6 50. Rb2 Nd5 51. Bd2 Rb7 52. Reb1 Rc4 53. Re1 Rc6 54. Reb1 Rcb6 55. Rg1 Rc7 56. Ra1 Rbc6 57. a4 Rxc3+ 58. Bxc3 Rxc3+ 59. Kd2 b4 60. Re1 Rc6 61. Rc2 Nc3 62. Kd3 Rd6 63. Rxc3 bxc3 64. Kxc3 Rc6+ 65. Kd3 Rb6 66. Re5 Rb3+ 67. Kc4 Rb4+ 68. Kc5 Rxa4 69. Rxe6+ Kb7 70. Rxg6 Ra3 71. d5 Rxf3 72. Rg7+ Ka6 73. d6 Rd3 74. d7 a4 75. Rg6+ Kb7 76. Rd6 Rc3+ 77. Kb4 Rc8 78. dxc8Q+ Kxc8 79. Kxa4 Kc7 80. Rf6 Kd7 81. Rxf5 Ke6 82. Rxh5 Kf6 83. Rg5 Ke6 84. h5 Kf6 85. Rg6+ Kf7 86. Kb5 Ke7 87. h6 Kf7 88. Rg4 Kf6 89. h7 Kf5 90. Rf4+ Kg6 91. h8Q Kg5 92. Qf6+ Kh5 93. Rh4# 1-0

[Event "SRI-ch"]
[Site "Nugegoda"]
[Date "2021.12.30"]
[Round "12"]
[White "Gunathilake, MD Vinuda Shenal"]
[Black "Sanudula, KM Dahamdi"]
[Result "0-1"]
[WhiteElo "1415"]
[BlackElo "1653"]
[PlyCount "90"]
[EventDate "2021.12.24"]
[EventType "tourn"]
[EventRounds "13"]
[EventCountry "SRI"]
[SourceTitle "CBM 205 Extra"]
[Source "ChessBase"]
[SourceDate "2022.01.31"]
[SourceVersion "1"]
[SourceVersionDate "2022.01.31"]
[SourceQuality "1"]

1. d4 Nf6 2. c4 e6 3. Nc3 d5 4. Bg5 Be7 5. cxd5 exd5 6. e3 Bf5 7. Bd3 Qd7 8. Nge2 c6 9. 0-0 Ne4 10. Bxe7 Qxe7 11. Qc2 Bg6 12. Nf4 Nf6 13. Nxg6 hxg6 14. Rae1 0-0 15. f3 Qd6 16. a3 Nbd7 17. b4 a5 18. Qb3 axb4 19. axb4 b5 20. Ne2 Rfe8 21. e4 dxe4 22. fxe4 Qe7 23. Nc3 Qd6 24. Ne2 Ra4 25. Rb1 Qe7 26. Nc3 Ra7 27. e5 Nxe5 28. dxe5 Qxe5 29. Be2 Qd4+ 30. Kh1 Re3 31. Rf3 Ne4 32. Nxe4 Rxb3 33. Rfxb3 Qxe4 34. Bf3 Qc4 35. h3 Ra2 36. Re3 Rc2 37. Re8+ Kh7 38. Kh2 Qf4+ 39. Kg1 f5 40. Ree1 Rc4 41. Rbd1 g5 42. Re6 g4 43. hxg4 fxg4 44. Be2 Rc1 45. Bd3+ Kg8 0-1

[Event "SRI-ch"]
[Site "Nugegoda"]
[Date "2021.12.27"]
[Round "6"]
[White "De Silva, LMST"]
[Black "Gunathilake, MD Vinuda Shenal"]
[Result "1-0"]
[WhiteElo "2131"]
[BlackElo "1415"]
[PlyCount "45"]
[EventDate "2021.12.24"]
[EventType "tourn"]
[EventRounds "13"]
[EventCountry "SRI"]
[SourceTitle "CBM 205 Extra"]
[Source "ChessBase"]
[SourceDate "2022.01.31"]
[SourceVersion "1"]
[SourceVersionDate "2022.01.31"]
[SourceQuality "1"]

1. e4 c5 2. Nf3 d6 3. Bb5+ Bd7 4. Bxd7+ Qxd7 5. c4 e5 6. Nc3 Nc6 7. 0-0 Nge7 8. a3 g6 9. b4 b6 10. Nd5 Nxd5 11. exd5 Ne7 12. d4 f6 13. dxe5 dxe5 14. bxc5 bxc5 15. Nd2 Nf5 16. Ne4 Kf7 17. f4 Bd6 18. Qd3 Nd4 19. Nxf6 Kxf6 20. fxe5+ Kg7 21. exd6 Rhe8 22. Bb2 Qg4 23. Rae1 1-0

[Event "SRI-ch"]
[Site "Nugegoda"]
[Date "2021.12.24"]
[Round "1"]
[White "Gunathilake, MD Vinuda Shenal"]
[Black "Liyanage, Ranindu Dilshan"]
[Result "1/2-1/2"]
[WhiteElo "1415"]
[BlackElo "2300"]
[PlyCount "140"]
[EventDate "2021.12.24"]
[EventType "tourn"]
[EventRounds "13"]
[EventCountry "SRI"]
[SourceTitle "CBM 205 Extra"]
[Source "ChessBase"]
[SourceDate "2022.01.31"]
[SourceVersion "1"]
[SourceVersionDate "2022.01.31"]
[SourceQuality "1"]

1. d4 Nf6 2. c4 e6 3. Nc3 Bb4 4. Bd2 d5 5. e3 0-0 6. Nf3 b6 7. a3 Be7 8. b4 dxc4 9. Bxc4 Bb7 10. 0-0 Nbd7 11. Re1 c5 12. bxc5 bxc5 13. a4 Rc8 14. Be2 cxd4 15. Nxd4 Nc5 16. a5 a6 17. Bf3 Bxf3 18. Qxf3 Qc7 19. e4 Rfd8 20. Bf4 e5 21. Nf5 exf4 22. e5 Ne8 23. Nd5 Rxd5 24. Qxd5 Bf8 25. Nd4 Rd8 26. Qc4 Ne6 27. Qxc7 N8xc7 28. Nc6 Rd2 29. Red1 Rc2 30. Rac1 Rxc1 31. Rxc1 Bc5 32. Kf1 Kf8 33. Rd1 Ke8 34. g3 fxg3 35. hxg3 Be7 36. f4 g6 37. Rb1 Kd7 38. Nb8+ Kc8 39. Nc6 Bc5 40. Kg2 Nd5 41. Kf3 h5 42. Kg2 Ndc7 43. Nb4 Bxb4 44. Rxb4 Nd8 45. Rb6 Kd7 46. Rd6+ Ke7 47. Rb6 Nde6 48. Kf3 Nc5 49. g4 h4 50. Rc6 N7e6 51. Rb6 g5 52. f5 Nd4+ 53. Ke3 Ndb3 54. Rh6 Nxa5 55. Rh5 Nc6 56. Rxg5 Nxe5 57. Rh5 Nxg4+ 58. Kd4 Nf6 59. Rxh4 Nfd7 60. Rh6 a5 61. Kd5 a4 62. f6+ Kd8 63. Kc6 Ne6 64. Rh8+ Nef8 65. Rh4 Nxf6 66. Rxa4 Ke7 67. Ra1 Ke6 68. Re1+ Kf5 69. Re7 Kg6 70. Rxf7 Kxf7 1/2-1/2

[Event "SRI-ch U14 Girls"]
[Site "Nugegoda"]
[Date "2021.03.14"]
[Round "10"]
[White "Gunathilake, MD Vinuda Shenal"]
[Black "Induwara, THD Thisarindu"]
[Result "1/2-1/2"]
[WhiteElo "1515"]
[BlackElo "1306"]
[PlyCount "86"]
[EventDate "2021.03.09"]
[EventType "tourn"]
[EventRounds "11"]
[EventCountry "SRI"]
[SourceTitle "CBM 201 Extra"]
[Source "ChessBase"]
[SourceDate "2021.05.31"]
[SourceVersion "1"]
[SourceVersionDate "2021.05.31"]
[SourceQuality "1"]

1. d4 Nf6 2. c4 e6 3. Nc3 d5 4. cxd5 exd5 5. Bg5 c6 6. Qc2 Be7 7. e3 Nbd7 8. Bd3 Nh5 9. Bxe7 Qxe7 10. Nf3 g6 11. 0-0 0-0 12. Rfe1 f5 13. a3 Ndf6 14. Ne5 c5 15. Be2 Ng7 16. Bf3 Be6 17. dxc5 Qxc5 18. Nd3 Qc7 19. Rac1 Rac8 20. Qd2 Qd7 21. Ne2 Ne4 22. Qb4 b6 23. Nd4 Qb7 24. Nf4 Bf7 25. Nb5 Qd7 26. Nd4 Nc5 27. Qd2 g5 28. Nd3 Bh5 29. Bxh5 Nxh5 30. Nxc5 bxc5 31. Nb3 c4 32. Na5 Rfd8 33. b3 cxb3 34. Nxb3 Rxc1 35. Rxc1 f4 36. Nd4 Qf7 37. Re1 Re8 38. f3 Qe7 39. e4 Qc5 40. Qd3 dxe4 41. Rxe4 Rxe4 42. Qxe4 Nf6 43. Qd3 Nd5 1/2-1/2

[Event "SRI-ch U14 Girls"]
[Site "Nugegoda"]
[Date "2021.03.14"]
[Round "11"]
[White "Ramanayake, Nemindi Linaya"]
[Black "Gunathilake, MD Vinuda Shenal"]
[Result "1/2-1/2"]
[WhiteElo "1236"]
[BlackElo "1515"]
[PlyCount "89"]
[EventDate "2021.03.09"]
[EventType "tourn"]
[EventRounds "11"]
[EventCountry "SRI"]
[SourceTitle "CBM 201 Extra"]
[Source "ChessBase"]
[SourceDate "2021.05.31"]
[SourceVersion "1"]
[SourceVersionDate "2021.05.31"]
[SourceQuality "1"]

1. d4 d5 2. Bf4 Nf6 3. e3 c5 4. c3 Nc6 5. Bd3 Qb6 6. Qc1 Nh5 7. Bg3 Nxg3 8. hxg3 g6 9. Nd2 Bg7 10. Ngf3 Bd7 11. 0-0 e5 12. dxe5 Nxe5 13. Nxe5 Bxe5 14. Nf3 Bg7 15. Re1 0-0 16. a3 a5 17. a4 Rfe8 18. Qd2 Rad8 19. Re2 Bc6 20. Qe1 Re7 21. Kf1 Rde8 22. Qd1 Rd8 23. Qe1 Qc7 24. Bc2 Rde8 25. Bd3 Qb6 26. Qd1 Kh8 27. Rb1 Kg8 28. Ra1 d4 29. cxd4 Bxf3 30. gxf3 cxd4 31. Bb5 Rd8 32. exd4 Rxe2 33. Qxe2 Qxd4 34. Rb1 b6 35. b3 Bf8 36. Qe3 Qf6 37. Rc1 Bc5 38. Qc3 Qg5 39. Rc2 Rd1+ 40. Kg2 Rd8 41. Re2 h5 42. Qe1 Rd6 43. Bc4 Kg7 44. Re7 Rf6 45. Qe5 1/2-1/2

[Event "SRI-ch U14 Girls"]
[Site "Nugegoda"]
[Date "2021.03.13"]
[Round "9"]
[White "Weerasekara, Dinul Vinsitha"]
[Black "Gunathilake, MD Vinuda Shenal"]
[Result "1/2-1/2"]
[WhiteElo "1267"]
[BlackElo "1515"]
[PlyCount "45"]
[EventDate "2021.03.09"]
[EventType "tourn"]
[EventRounds "11"]
[EventCountry "SRI"]
[SourceTitle "CBM 201 Extra"]
[Source "ChessBase"]
[SourceDate "2021.05.31"]
[SourceVersion "1"]
[SourceVersionDate "2021.05.31"]
[SourceQuality "1"]

1. e4 c5 2. Nf3 d6 3. Bb5+ Bd7 4. Bxd7+ Qxd7 5. c4 Nf6 6. Nc3 Nc6 7. d4 cxd4 8. Nxd4 e6 9. Be3 Be7 10. 0-0 0-0 11. Qe2 Nxd4 12. Bxd4 Qc6 13. f4 Nd7 14. Rad1 a6 15. b3 Rad8 16. Kh1 Qc7 17. Rd3 Bf6 18. Bxf6 Nxf6 19. Rfd1 Rd7 20. g4 g6 21. Qf3 Rfd8 22. Kg2 h5 23. Kg1 1/2-1/2